00363nam a2200121Ia 4500008004100000040001700041041001200058082001300070100001000083245012800093260000900221300001100230230917s9999||||xx |||||||||||||| ||und|| e204834aMAIN aEnglish a373 A55S aAnita 0aStudy of perceived influence of internet use on social competence emotional maturity and general well- being of adolescents c2011 a390 p.